000
00191nam a2200085 4500
001
1258023
005
20260223140050.0
245
_a
KÜÇÜK PRENS MBAPPE
_c
DİEGO ROBERTO
260
_b
DOKUZ ÇOCUK
999
_c
1258023
_d
1258023